000 00750nam a2200265Ia 4500
001 Para_5150
003 CHAP
008 220125s1933 xx 000 0 und d
010 _a203519
040 _cCHAP
090 _aPA FOLLETO 2491
100 _aWeber, George F
_9121293
245 _aRhizoctoniose, a common disease of plants /
_c by George F. Weber
260 _aGainesville, Florida :
_b Agricultural Experiment Station
300 _a2 p.
440 _aFlorida Agri. Exp. Sta. Press Bull.; 456
_9169353
650 _aRhizoctonia
_997131
901 _aPA FOLLETO 2491
902 _aA
905 _a0000001933 GAI 0000000000 00
910 _a1933
942 _cPARA
942 _cPARA
_d1
999 _c203519
_d203519